| 000 | 00541nam a2200145Ia 4500 | ||
|---|---|---|---|
| 008 | 140724s9999 xx 000 0 und d | ||
| 050 |
_aBF 576 _b.So714 2014 |
||
| 100 | _aSoriano, Shane B. | ||
| 245 |
_aEmotional quotient and romantic attachment styles of selected college students of Southville International School and Colleges / _cShane B. Soriano. |
||
| 260 |
_aLas PiƱas, Philippines : _bSouthville International School and Colleges, _cc2014. |
||
| 300 |
_a83 p. : _c28 cm. |
||
| 521 | _aPsychology | ||
| 942 | _cTH | ||
| 999 |
_c229302 _d229302 |
||